| 000 | 00674nam a2200193 i 4500 | ||
|---|---|---|---|
| 001 | 28865 | ||
| 003 | ES-MaACL | ||
| 005 | 20230906153935.0 | ||
| 007 | t| | ||
| 008 | 030120s1943 it ||||1| ita d | ||
| 100 | 1 |
_aAzzariti, Francesco Saverio. _924385 |
|
| 245 | 1 | 0 |
_aDiritto Civile Italiano _b: disposizioni sulla legge in generale e Libro I del Codice / _cFrancesco Saverio Azzariti, Giovanni Martinez, Giuseppe Azzariti. |
| 250 | _a2ยช ed., amp. e corr. | ||
| 260 |
_aPadova : _bCedam, _c1943 ( _fLa Garangola) |
||
| 300 |
_a2 v. ; _c26 cm. |
||
| 700 | 1 |
_aMartinez, Giovanni. _977745 |
|
| 700 | 1 |
_aAzzariti, Giuseppe. _924386 |
|
| 852 |
_aES-MaACL _jC-5201-2 _bR.25789 |
||
| 999 |
_c28865 _d28865 |
||